| 000 | 00572nam a2200157 4500 | ||
|---|---|---|---|
| 008 | 0 1961 0a 000 0JAP | ||
| 050 | _aTK2181 F553e | ||
| 082 | _a621.3210.42 F612e | ||
| 100 | _aFitzgerald A. E. | ||
| 245 | _aElectric Machinery The prcesses, Devices and systems of electromechanical energy conversion / A. E. Fitzgerald, Charles Kingsley, Alexander Kusko | ||
| 250 | _a3 | ||
| 260 | _aTokyo : Mcgraw-Hill | ||
| 300 | _a623 p. / 20 cm. | ||
| 650 | _a1. MAQUINARIA ELECTRICA | ||
| 700 | _aI. Kingsley, Charles, coaut. II. Kusko, Alexander, coaut. | ||
| 999 |
_c22144 _d22144 |
||